[Event "POL-chT Ekstraliga"]
[Site "Warsaw"]
[Date "2020.08.30"]
[Round "5.1"]
[White "Antolak, Julia"]
[Black "Leks, Maria"]
[Result "1/2-1/2"]
[WhiteElo "2323"]
[BlackElo "2080"]
[PlyCount "107"]
[EventDate "2020.08.26"]
[EventType "team-tourn"]
[EventRounds "9"]
[EventCountry "POL"]
[SourceTitle "CBM 198 Extra"]
[Source "ChessBase"]
[SourceDate "2020.11.30"]
[SourceVersion "1"]
[SourceVersionDate "2020.11.30"]
[SourceQuality "1"]
[WhiteTeam "Gorzow Wielkopolski Stilon"]
[BlackTeam "Krakow Dwie Wieze"]
[WhiteTeamCountry "POL"]
[BlackTeamCountry "POL"]

1. e4 e5 2. Nf3 Nc6 3. Bb5 a6 4. Ba4 Nf6 5. 0-0 Be7 6. Re1 b5 7. Bb3 d6 8. c3 0-0 9. h3 Na5 10. Bc2 c5 11. d4 Nd7 12. d5 Nb6 13. Nbd2 f5 14. exf5 Bxf5 15. Bxf5 Rxf5 16. Ne4 Qd7 17. Nfg5 Nb7 18. b3 Bxg5 19. Bxg5 h6 20. Be3 Qf7 21. c4 bxc4 22. bxc4 Nxc4 23. Rb1 Nba5 24. Bd2 Qxd5 25. Bxa5 Qxd1 26. Rbxd1 Nxa5 27. Nxd6 Rf6 28. Rxe5 Rxd6 29. Rxd6 Nc4 30. Red5 Nxd6 31. Rxd6 Rb8 32. Rxa6 Rb1+ 33. Kh2 c4 34. Rc6 Ra1 35. Rxc4 Rxa2 36. Rf4 h5 37. Kg3 Kh7 38. Re4 Kh6 39. Re6+ g6 40. Re3 Rb2 41. f4 Ra2 42. Rf3 h4+ 43. Kh2 Ra1 44. Rf2 Rb1 45. g3 hxg3+ 46. Kxg3 Rb5 47. Kg4 Ra5 48. h4 Rb5 49. Re2 Ra5 50. Re5 Ra1 51. Re3 Rg1+ 52. Rg3 Rf1 53. Rg2 Ra1 54. Rg3 1/2-1/2

[Event "POL-chT Ekstraliga"]
[Site "Katowice"]
[Date "2019.08.29"]
[Round "2.3"]
[White "Leks, Maria"]
[Black "Zawadzka, Jolanta"]
[Result "0-1"]
[WhiteElo "2129"]
[BlackElo "2407"]
[PlyCount "64"]
[EventDate "2019.08.28"]
[EventType "team-tourn"]
[EventRounds "9"]
[EventCountry "POL"]
[SourceTitle "EXT 2020"]
[Source "ChessBase"]
[SourceDate "2019.10.17"]
[SourceVersion "1"]
[SourceVersionDate "2019.10.17"]
[SourceQuality "1"]
[WhiteTeam "Krakow Dwie Wieze"]
[BlackTeam "Wroclaw Polonia"]
[WhiteTeamCountry "POL"]
[BlackTeamCountry "POL"]

1. d4 d5 2. Bf4 Nf6 3. Nf3 c5 4. e3 Nc6 5. c3 Qb6 6. Qb3 c4 7. Qxb6 axb6 8. h3 b5 9. Ne5 b4 10. Nxc6 bxc6 11. a4 e6 12. Nd2 Ba6 13. Be2 Be7 14. 0-0 0-0 15. g4 Ra7 16. g5 Nd7 17. e4 Rfa8 18. exd5 cxd5 19. Bf3 Kf8 20. Rfe1 Bb5 21. Kg2 Rxa4 22. Rab1 Ra2 23. Nf1 Ba4 24. Ne3 Bb3 25. Bxd5 exd5 26. Nxd5 bxc3 27. Nxe7 cxb2 28. Bd6 f6 29. Nf5+ Kg8 30. Re2 c3 31. Rbe1 Bf7 32. Ng3 Ra1 0-1

[Event "Katowice POL-HUN 7th"]
[Site "Katowice"]
[Date "2019.04.13"]
[Round "2"]
[White "Leks, Maria"]
[Black "Sergeev, Vladimir"]
[Result "0-1"]
[WhiteElo "2129"]
[BlackElo "2399"]
[PlyCount "72"]
[EventDate "2019.04.13"]
[EventType "swiss (rapid)"]
[EventRounds "9"]
[EventCountry "POL"]
[SourceTitle "CBM 189 Extra"]
[Source "ChessBase"]
[SourceDate "2019.06.03"]
[SourceVersion "1"]
[SourceVersionDate "2019.06.03"]
[SourceQuality "1"]

1. e4 Nf6 2. e5 Nd5 3. d4 d6 4. c4 Nb6 5. exd6 exd6 6. Nc3 g6 7. h3 Bg7 8. Nf3 0-0 9. Be2 Nc6 10. 0-0 h6 11. Be3 Bf5 12. Qd2 Kh7 13. Rac1 d5 14. c5 Nc4 15. Bxc4 dxc4 16. Ne2 Bd3 17. b3 Bxe2 18. Qxe2 cxb3 19. axb3 Nb4 20. Qb5 Nd5 21. Qxb7 Rb8 22. Qxa7 Rxb3 23. Qa4 Qb8 24. Rfe1 Rd8 25. Nd2 Rb4 26. Qc2 Rb2 27. Qe4 Nxe3 28. fxe3 Rxd2 29. Qf3 f5 30. c6 Re8 31. Rb1 Qd8 32. Qf4 Re4 33. Qg3 Rc2 34. Rec1 Rxc1+ 35. Rxc1 Qe7 36. Rc3 f4 0-1

[Event "World University-ch (Women)"]
[Site "Aracaju"]
[Date "2018.09.14"]
[Round "3"]
[White "Leks, Maria"]
[Black "Benedetti, Antonella"]
[Result "1-0"]
[WhiteElo "2108"]
[BlackElo "1934"]
[PlyCount "69"]
[EventDate "2018.09.13"]
[EventType "swiss"]
[EventRounds "9"]
[EventCountry "BRA"]
[SourceTitle "CBM 186 Extra"]
[Source "ChessBase"]
[SourceDate "2018.08.24"]
[SourceVersion "1"]
[SourceVersionDate "2018.08.24"]
[SourceQuality "1"]

1. e4 e5 2. Nf3 Nc6 3. Bc4 Nf6 4. d3 Be7 5. 0-0 d6 6. a3 0-0 7. Re1 a6 8. a4 Na5 9. b4 Nxc4 10. dxc4 Be6 11. Qe2 Nh5 12. Nc3 c6 13. Rb1 Qc7 14. a5 Nf4 15. Bxf4 exf4 16. Na4 Rfe8 17. Nb6 Rad8 18. Qd2 c5 19. b5 Bf6 20. Qxf4 Bc3 21. Re3 Bxa5 22. Nd5 Bxd5 23. cxd5 axb5 24. Rxb5 Ra8 25. Qg4 Qe7 26. c3 b6 27. Qf4 Qd7 28. Rb1 b5 29. Nh4 b4 30. cxb4 Bxb4 31. Nf5 Red8 32. Rg3 g6 33. Qg5 f6 34. Qxf6 Bd2 35. Ne7+ 1-0

[Event "Wroclaw Anderssen Memorial op"]
[Site "Wroclaw"]
[Date "2018.08.04"]
[Round "2"]
[White "Leks, Maria"]
[Black "Bogdanov, Egor"]
[Result "1-0"]
[WhiteElo "2108"]
[BlackElo "2382"]
[PlyCount "121"]
[EventDate "2018.08.04"]
[EventType "swiss (rapid)"]
[EventRounds "13"]
[EventCountry "POL"]
[SourceTitle "CBM 185 Extra"]
[Source "ChessBase"]
[SourceDate "2018.07.29"]
[SourceVersion "1"]
[SourceVersionDate "2018.07.29"]
[SourceQuality "1"]

1. e4 c5 2. Nf3 d6 3. d4 cxd4 4. Nxd4 Nf6 5. f3 g6 6. c4 Bg7 7. Nc3 0-0 8. Be3 Nc6 9. Be2 e6 10. Qd2 d5 11. Nxc6 bxc6 12. 0-0 Qc7 13. Rac1 d4 14. Qxd4 Ng4 15. e5 Nxe3 16. Qxe3 Bxe5 17. f4 Bg7 18. Bf3 Rb8 19. b3 c5 20. Kh1 Bd4 21. Qd2 Qa5 22. Rfd1 Bb7 23. Bxb7 Rxb7 24. Rc2 Kg7 25. Nb5 Qxd2 26. Rcxd2 Be3 27. Rd7 Rxd7 28. Rxd7 Bxf4 29. Nxa7 e5 30. g3 Be3 31. Kg2 Bd4 32. a4 Re8 33. Nb5 e4 34. Nxd4 cxd4 35. Rxd4 f5 36. b4 g5 37. Rd5 Kf6 38. a5 e3 39. Rd1 Re4 40. a6 Rxc4 41. a7 Rc2+ 42. Kf3 Ra2 43. Rd7 f4 44. gxf4 gxf4 45. Rd4 Rf2+ 46. Kg4 h5+ 47. Kxh5 Ke5 48. Rxf4 Kxf4 49. a8Q e2 50. Qf8+ Ke3 51. Qc5+ Kf3 52. Qf5+ Kg2 53. Qg4+ Kf1 54. Qc4 Kg1 55. Qg4+ Kh1 56. Qe4+ Kg1 57. b5 Rxh2+ 58. Kg4 Kf1 59. Qd3 Rg2+ 60. Kf3 Rf2+ 61. Ke3 1-0

[Event "POL-ch Academic (Women)"]
[Site "Katowice"]
[Date "2018.02.03"]
[Round "7"]
[White "Adamowicz, Katarzyna"]
[Black "Leks, Maria"]
[Result "0-1"]
[WhiteElo "2142"]
[BlackElo "2145"]
[PlyCount "114"]
[EventDate "2018.02.02"]
[EventType "swiss (rapid)"]
[EventRounds "9"]
[EventCountry "POL"]
[SourceTitle "CBM 182 Extra"]
[Source "ChessBase"]
[SourceDate "2018.02.23"]
[SourceVersion "1"]
[SourceVersionDate "2018.02.23"]
[SourceQuality "1"]

1. e4 d6 2. d4 Nf6 3. Nc3 e5 4. Nf3 Nbd7 5. Bc4 Be7 6. 0-0 0-0 7. Re1 c6 8. a4 a5 9. Bf1 Qc7 10. Bg5 Re8 11. Qd3 Nf8 12. Ne2 Ne6 13. Bh4 exd4 14. Nexd4 Nc5 15. Qd1 Nfxe4 16. Bxe7 Rxe7 17. c3 Nf6 18. Qc2 Bg4 19. Rxe7 Qxe7 20. Re1 Qd7 21. h3 Bxf3 22. Nxf3 Re8 23. b4 axb4 24. cxb4 Nce4 25. Bd3 d5 26. Nd4 Qd6 27. Qb2 Qf4 28. f3 Nd6 29. Rxe8+ Ndxe8 30. Qf2 Qc1+ 31. Kh2 Qc3 32. Qe3 Qxb4 33. Nf5 Nc7 34. Ne7+ Kh8 35. g4 Ne6 36. g5 Qf4+ 37. Qxf4 Nxf4 38. Bf5 Ne8 39. Kg3 Ne2+ 40. Kf2 Nd4 41. Bd3 Nc7 42. Ke3 Nce6 43. h4 Nb3 44. f4 Nec5 45. Bc2 d4+ 46. Ke2 d3+ 47. Bxd3 Nc1+ 48. Ke3 N1xd3 49. Kd4 b6 50. a5 bxa5 51. Nxc6 a4 52. Kd5 a3 53. Nd4 a2 54. Nc2 Nb3 55. f5 Nb4+ 56. Kc4 Nxc2 57. Kxb3 a1Q 0-1

[Event "POL-ch Academic (Women)"]
[Site "Katowice"]
[Date "2018.02.02"]
[Round "1"]
[White "Kotula, Magdalena"]
[Black "Leks, Maria"]
[Result "0-1"]
[WhiteElo "1542"]
[BlackElo "2145"]
[PlyCount "48"]
[EventDate "2018.02.02"]
[EventType "swiss (rapid)"]
[EventRounds "9"]
[EventCountry "POL"]
[SourceTitle "CBM 182 Extra"]
[Source "ChessBase"]
[SourceDate "2018.02.23"]
[SourceVersion "1"]
[SourceVersionDate "2018.02.23"]
[SourceQuality "1"]

1. e4 d6 2. d4 e5 3. Nf3 Nd7 4. Bc4 Ngf6 5. Nc3 Be7 6. Be3 0-0 7. Qd2 c6 8. Bb3 Qc7 9. h4 b5 10. d5 b4 11. Ne2 Nxe4 12. Qxb4 Ndf6 13. Ng5 Bf5 14. f3 Nxg5 15. hxg5 Nxd5 16. Bxd5 cxd5 17. Ng3 Bg6 18. f4 exf4 19. Qxf4 Qxc2 20. Rc1 Qxg2 21. Bd4 Rfe8 22. Kd1 Bxg5 23. Qxg5 Qf3+ 24. Kd2 Qd3# 0-1

[Event "EU-ch rapid"]
[Site "Katowice"]
[Date "2017.12.16"]
[Round "2"]
[White "Leks, Maria"]
[Black "Chigaev, Maksim"]
[Result "0-1"]
[WhiteElo "2145"]
[BlackElo "2555"]
[PlyCount "62"]
[EventDate "2017.12.16"]
[EventType "swiss (rapid)"]
[EventRounds "11"]
[EventCountry "POL"]
[SourceTitle "CBM 182 Extra"]
[Source "ChessBase"]
[SourceDate "2018.02.23"]
[SourceVersion "1"]
[SourceVersionDate "2018.02.23"]
[SourceQuality "1"]

1. e4 c6 2. c4 d6 3. Nf3 g6 4. d4 Bg7 5. Be3 Nf6 6. Bd3 0-0 7. h3 e5 8. 0-0 exd4 9. Bxd4 Re8 10. Nbd2 Nbd7 11. Re1 Ne5 12. Bc2 Nh5 13. Bxe5 dxe5 14. c5 Qe7 15. b4 Rd8 16. Qb1 Qf6 17. Re3 Bh6 18. Rd3 Bxh3 19. gxh3 Rxd3 20. Bxd3 Bxd2 21. Nxd2 Qg5+ 22. Kh1 Qxd2 23. Qc2 Qxc2 24. Bxc2 a5 25. Bb3 axb4 26. Rd1 Nf6 27. f3 Kf8 28. Kg2 Ke7 29. Kf2 Ra5 30. Rc1 Nd7 31. Rc4 Nxc5 0-1

[Event "POL-chT"]
[Site "Poland"]
[Date "2017.11.25"]
[Round "8.6"]
[White "Zawadzka, Jolanta"]
[Black "Leks, Maria"]
[Result "0-1"]
[WhiteElo "2419"]
[BlackElo "2129"]
[PlyCount "82"]
[EventDate "2017.05.05"]
[EventType "team-tourn"]
[EventRounds "9"]
[EventCountry "POL"]
[SourceTitle "EXT 2019"]
[Source "ChessBase"]
[SourceDate "2018.10.10"]
[SourceVersion "1"]
[SourceVersionDate "2018.10.10"]
[SourceQuality "1"]
[WhiteTeam "Wroclaw Polonia"]
[BlackTeam "Krakow Wisla"]
[WhiteTeamCountry "POL"]
[BlackTeamCountry "POL"]

1. e4 e5 2. Nf3 Nc6 3. Bb5 a6 4. Ba4 Nf6 5. 0-0 Be7 6. Re1 b5 7. Bb3 d6 8. c3 0-0 9. h3 Nb8 10. d4 Nbd7 11. c4 exd4 12. cxb5 axb5 13. Nxd4 Bb7 14. Bc2 Nc5 15. Nf5 Re8 16. b4 Ne6 17. Qd3 Bxe4 18. Qd2 Bxc2 19. Qxc2 Bf8 20. Rd1 Nh5 21. Nc3 Qf6 22. Rb1 Qg6 23. Nd5 c6 24. Nde3 d5 25. Rb3 Rad8 26. Ng4 Nef4 27. Rf3 Re4 28. Nfe3 d4 29. g3 Nxh3+ 30. Kf1 Rxg4 31. Nf5 Ng5 32. Bxg5 Rxg5 33. Qe4 Nf6 34. Qe5 Rd5 35. Ne7+ Bxe7 36. Qxe7 Rge5 37. Qc7 Qc2 38. Rfd3 Re8 39. Kg2 Ne4 40. Qf4 Nf6 41. R1d2 Qc4 0-1

[Event "POL-chT"]
[Site "Poland"]
[Date "2017.11.24"]
[Round "7.6"]
[White "Sliwicka, Alicja"]
[Black "Leks, Maria"]
[Result "1-0"]
[WhiteElo "2178"]
[BlackElo "2129"]
[PlyCount "69"]
[EventDate "2017.05.05"]
[EventType "team-tourn"]
[EventRounds "9"]
[EventCountry "POL"]
[SourceTitle "EXT 2019"]
[Source "ChessBase"]
[SourceDate "2018.10.10"]
[SourceVersion "1"]
[SourceVersionDate "2018.10.10"]
[SourceQuality "1"]
[WhiteTeam "Legnica Miedz"]
[BlackTeam "Krakow Wisla"]
[WhiteTeamCountry "POL"]
[BlackTeamCountry "POL"]

1. e4 g6 2. d4 Bg7 3. Nc3 d6 4. f4 a6 5. Nf3 b5 6. e5 Bb7 7. Bd3 Nh6 8. e6 f5 9. h3 c5 10. a4 cxd4 11. Ne2 Bxf3 12. gxf3 b4 13. Bd2 Qc8 14. Bxb4 Qxe6 15. 0-0 Nc6 16. Bd2 0-0 17. b4 Qf6 18. b5 axb5 19. axb5 Rxa1 20. Qxa1 Nb8 21. Qa7 e5 22. Ra1 e4 23. fxe4 fxe4 24. Bxe4 Qe6 25. Qa2 Qxa2 26. Rxa2 Re8 27. Bd5+ Kh8 28. Ng3 Nf5 29. Nxf5 gxf5 30. Ra8 d3 31. cxd3 Bd4+ 32. Kf1 Kg7 33. Ra4 Bc5 34. Ba5 Re7 35. d4 1-0

[Event "POL-chT"]
[Site "Poland"]
[Date "2017.09.29"]
[Round "4.6"]
[White "Leks, Maria"]
[Black "Krupa, Monika"]
[Result "0-1"]
[WhiteElo "2129"]
[BlackElo "2230"]
[PlyCount "102"]
[EventDate "2017.05.05"]
[EventType "team-tourn"]
[EventRounds "9"]
[EventCountry "POL"]
[SourceTitle "EXT 2018"]
[Source "ChessBase"]
[SourceDate "2017.10.13"]
[SourceVersion "1"]
[SourceVersionDate "2017.10.13"]
[SourceQuality "1"]
[WhiteTeam "Krakow Wisla"]
[BlackTeam "Wroclaw Kopernik"]
[WhiteTeamCountry "POL"]
[BlackTeamCountry "POL"]

1. e4 c5 2. Nf3 Nc6 3. d4 cxd4 4. Nxd4 e5 5. Nb5 Nf6 6. N1c3 d6 7. Na3 Bg4 8. f3 Be6 9. Bc4 Rc8 10. Nd5 Bxd5 11. Bxd5 Be7 12. Be3 0-0 13. 0-0 Nxd5 14. exd5 Nd4 15. c3 Nf5 16. Bxa7 b6 17. Qb3 Qd7 18. Bxb6 Rb8 19. Nc4 Rfc8 20. a4 Rxc4 21. Qxc4 Rxb6 22. Rfb1 Bg5 23. a5 Rb8 24. b4 Be3+ 25. Kh1 h5 26. a6 Ba7 27. b5 Rb6 28. Qd3 g6 29. Ra4 Kg7 30. Rab4 Ne7 31. c4 Qc7 32. f4 f6 33. fxe5 fxe5 34. Qe4 Qc5 35. R4b3 Nf5 36. Rf1 Rb8 37. Rbf3 Rf8 38. Qb1 Bb6 39. Qc1 Bd8 40. Qa1 Bb6 41. Qc3 Rf7 42. Qd3 h4 43. Re1 Rf8 44. g4 hxg3 45. hxg3 Qc8 46. g4 Qd8 47. Re2 Qh4+ 48. Rh3 Qxg4 49. Rg2 Qf4 50. Qc2 Nh4 51. Rgg3 Qf1+ 0-1

[Event "POL-chT"]
[Site "Poland"]
[Date "2017.05.07"]
[Round "3.6"]
[White "Socko, Monika"]
[Black "Leks, Maria"]
[Result "1-0"]
[WhiteElo "2481"]
[BlackElo "2129"]
[PlyCount "79"]
[EventDate "2017.05.05"]
[EventType "team-tourn"]
[EventRounds "9"]
[EventCountry "POL"]
[SourceTitle "CBM 178 Extra"]
[Source "ChessBase"]
[SourceDate "2017.06.22"]
[SourceVersion "1"]
[SourceVersionDate "2017.06.22"]
[SourceQuality "1"]
[WhiteTeam "Katowice Wasko"]
[BlackTeam "Krakow Wisla"]
[WhiteTeamCountry "POL"]
[BlackTeamCountry "POL"]

1. e4 d6 2. d4 Nf6 3. Nc3 e5 4. Nf3 Nbd7 5. Bc4 Be7 6. a4 a6 7. 0-0 0-0 8. h3 b6 9. Qe2 c6 10. Rd1 Qc7 11. d5 c5 12. Be3 Ne8 13. Rf1 g6 14. Bh6 Ng7 15. g4 Kh8 16. Kh2 Nf6 17. Ne1 Ng8 18. Bd2 f5 19. f3 f4 20. Nd3 g5 21. b4 h5 22. Rab1 Rf6 23. bxc5 bxc5 24. Nf2 Rh6 25. Kg2 Bd8 26. Rg1 Nf6 27. a5 Qd7 28. Ra1 Qf7 29. Na4 Bd7 30. Nb6 Bxb6 31. axb6 hxg4 32. fxg4 Nxg4 33. Nxg4 Rxh3 34. Kxh3 f3 35. Qh2 f2 36. Kg2+ Nh5 37. Qxh5+ Qxh5 38. Rh1 Bxg4 39. Rxh5+ Bxh5 40. Rh1 1-0

[Event "POL-chT"]
[Site "Poland"]
[Date "2017.05.06"]
[Round "2.6"]
[White "Leks, Maria"]
[Black "Lach, Aleksandra"]
[Result "1/2-1/2"]
[WhiteElo "2129"]
[BlackElo "2224"]
[PlyCount "117"]
[EventDate "2017.05.05"]
[EventType "team-tourn"]
[EventRounds "9"]
[EventCountry "POL"]
[SourceTitle "CBM 178 Extra"]
[Source "ChessBase"]
[SourceDate "2017.06.22"]
[SourceVersion "1"]
[SourceVersionDate "2017.06.22"]
[SourceQuality "1"]
[WhiteTeam "Krakow Wisla"]
[BlackTeam "Czestochowa Hetman"]
[WhiteTeamCountry "POL"]
[BlackTeamCountry "POL"]

1. e4 g6 2. d4 Bg7 3. Be3 a6 4. c4 d6 5. Nc3 Nd7 6. Qd2 c6 7. a4 b6 8. Nge2 c5 9. Nc1 cxd4 10. Bxd4 Ngf6 11. Be2 Bb7 12. f3 0-0 13. a5 bxa5 14. Nb3 Rc8 15. Nxa5 Ba8 16. 0-0 Ne8 17. Be3 Nc7 18. b4 Rb8 19. Rab1 Ne6 20. Nd5 f5 21. exf5 Rxf5 22. Bd3 Rf7 23. Be4 Rc8 24. Rfd1 Qf8 25. Qa2 Nd8 26. Qa4 e6 27. Nb6 Nxb6 28. Bxb6 Bxe4 29. fxe4 Be5 30. Rb3 Qh6 31. Rh3 Qf4 32. Qc2 Nc6 33. Nxc6 Rxc6 34. Be3 Qg4 35. Rf1 Rxf1+ 36. Kxf1 d5 37. Qa4 Rc8 38. Rf3 Qxe4 39. Qd7 Qxc4+ 40. Kf2 Qc6 41. Qf7+ Kh8 42. Bc5 Bg7 43. Qa7 e5 44. Rf7 d4 45. Kg1 Qe4 46. h3 Qe3+ 47. Kh2 Qh6 48. Qxa6 Rg8 49. Be7 g5 50. Qxh6 Bxh6 51. Bf6+ Bg7 52. Bxg7+ Rxg7 53. Rf8+ Rg8 54. Rxg8+ Kxg8 55. b5 d3 56. b6 d2 57. b7 d1Q 58. b8Q+ Kf7 59. Qxe5 1/2-1/2

[Event "POL-chT"]
[Site "Poland"]
[Date "2016.09.25"]
[Round "6.5"]
[White "Leks, Maria"]
[Black "Zawadzka, Jolanta"]
[Result "0-1"]
[WhiteElo "2126"]
[BlackElo "2442"]
[PlyCount "58"]
[EventDate "2016.06.24"]
[EventType "team-tourn"]
[EventRounds "9"]
[EventCountry "POL"]
[SourceTitle "EXT 2017"]
[Source "ChessBase"]
[SourceDate "2016.10.25"]
[SourceVersion "1"]
[SourceVersionDate "2016.10.25"]
[SourceQuality "1"]
[WhiteTeam "Krakow Wisla"]
[BlackTeam "Wroclaw Polonia"]
[WhiteTeamCountry "POL"]
[BlackTeamCountry "POL"]

1. e4 c5 2. Nf3 e6 3. d4 cxd4 4. Nxd4 Nc6 5. Nc3 Qc7 6. Be3 Nf6 7. Qf3 Be7 8. Be2 0-0 9. 0-0-0 Nxd4 10. Bxd4 e5 11. Qg3 d6 12. Be3 Kh8 13. f4 Bd7 14. f5 Rfc8 15. Bd3 b5 16. Bg5 Bc6 17. h4 b4 18. Bxf6 Bxf6 19. Nd5 Bxd5 20. exd5 e4 21. Bxe4 Qc4 22. Qd3 Qxa2 23. Kd2 Qxb2 24. Rb1 Qc3+ 25. Qxc3 Bxc3+ 26. Kd3 a5 27. f6 Bxf6 28. c4 a4 29. Bf5 Rcb8 0-1

[Event "Rubinstein Memorial 52nd"]
[Site "Polanica Zdroj"]
[Date "2016.08.27"]
[Round "8"]
[White "Leks, Maria"]
[Black "Pacan Milej, Kosma"]
[Result "1/2-1/2"]
[WhiteElo "2142"]
[BlackElo "2127"]
[PlyCount "60"]
[EventDate "2016.08.20"]
[EventType "swiss"]
[EventRounds "10"]
[EventCountry "POL"]
[SourceTitle "CBM 174 Extra"]
[Source "ChessBase"]
[SourceDate "2016.10.10"]
[SourceVersion "1"]
[SourceVersionDate "2016.10.10"]
[SourceQuality "1"]

1. e4 c5 2. Nf3 d6 3. Bb5+ Bd7 4. Bxd7+ Qxd7 5. d4 cxd4 6. Nxd4 Nf6 7. f3 g6 8. c4 Bg7 9. Nc3 0-0 10. 0-0 Rc8 11. b3 d5 12. exd5 Nxd5 13. Nxd5 e6 14. Bh6 exd5 15. Bxg7 Kxg7 16. Nb5 dxc4 17. Nd6 Rd8 18. Nxb7 Qxd1 19. Raxd1 Rxd1 20. Rxd1 cxb3 21. axb3 Nc6 22. Rd7 a5 23. Nc5 Rb8 24. Rb7 Rxb7 25. Nxb7 Kf6 26. Kf2 Ke5 27. Ke3 Kd5 28. h4 h6 29. g3 f6 30. g4 g5 1/2-1/2

[Event "Rubinstein Memorial 52nd"]
[Site "Polanica Zdroj"]
[Date "2016.08.23"]
[Round "4"]
[White "Karpus, Michal"]
[Black "Leks, Maria"]
[Result "1-0"]
[WhiteElo "2240"]
[BlackElo "2142"]
[PlyCount "79"]
[EventDate "2016.08.20"]
[EventType "swiss"]
[EventRounds "10"]
[EventCountry "POL"]
[SourceTitle "CBM 174 Extra"]
[Source "ChessBase"]
[SourceDate "2016.10.10"]
[SourceVersion "1"]
[SourceVersionDate "2016.10.10"]
[SourceQuality "1"]

1. e4 d6 2. d4 Nf6 3. Nc3 e5 4. Nf3 Nbd7 5. Bc4 Be7 6. a4 c6 7. 0-0 0-0 8. h3 a5 9. Re1 Nb6 10. Ba2 Nfd7 11. Be3 exd4 12. Nxd4 Nc5 13. Qh5 Nbxa4 14. Nxa4 Nxa4 15. Nf3 Nc5 16. Ng5 Bxg5 17. Bxg5 Qc7 18. Bf4 Ne6 19. Bg3 b6 20. Rad1 Rd8 21. f4 g6 22. Qh6 d5 23. Kh2 Qe7 24. f5 Qf8 25. Qe3 Nc5 26. fxg6 hxg6 27. exd5 cxd5 28. Bh4 Rd7 29. Be7 Qg7 30. Rxd5 Bb7 31. Rxd7 Nxd7 32. Bg5 Rc8 33. c3 Bc6 34. Qf4 Nc5 35. Re7 Be8 36. Qe3 Ba4 37. Rxf7 Qxf7 38. Bxf7+ Kxf7 39. Qe7+ Kg8 40. Bf6 1-0

[Event "POL-chT"]
[Site "Poland"]
[Date "2016.06.26"]
[Round "3.6"]
[White "Leks, Maria"]
[Black "Bartel, Marta"]
[Result "1/2-1/2"]
[WhiteElo "2126"]
[BlackElo "2270"]
[PlyCount "122"]
[EventDate "2016.06.24"]
[EventType "team-tourn"]
[EventRounds "9"]
[EventCountry "POL"]
[SourceTitle "CBM 173 Extra"]
[Source "ChessBase"]
[SourceDate "2016.08.29"]
[SourceVersion "1"]
[SourceVersionDate "2016.08.29"]
[SourceQuality "1"]
[WhiteTeam "Krakow Wisla"]
[BlackTeam "Wisznia Mala"]
[WhiteTeamCountry "POL"]
[BlackTeamCountry "POL"]

1. e4 g6 2. d4 Bg7 3. Nc3 a6 4. Be3 b5 5. Bd3 d6 6. h3 Bb7 7. Nf3 Nd7 8. a4 b4 9. Ne2 Ngf6 10. Ng3 c5 11. c3 0-0 12. a5 c4 13. Bb1 bxc3 14. bxc3 Rc8 15. Qe2 e5 16. dxe5 Nxe5 17. Nxe5 dxe5 18. 0-0 h5 19. Rd1 Qe7 20. Bg5 Qe6 21. Qb2 Bc6 22. Qb4 Rfd8 23. Bc2 Bb5 24. Rxd8+ Rxd8 25. Ba4 Bf8 26. Qb2 Bxa4 27. Rxa4 Rd1+ 28. Kh2 h4 29. Bxh4 Ng4+ 30. hxg4 Qxg4 31. Bf6 Qf4 32. Qe2 Qh6+ 33. Nh5 Rd2 34. Qg4 Rxf2 35. Bh4 Rf1 36. Rxc4 Qxh5 37. Qxh5 gxh5 38. Bg3 Ra1 39. Bxe5 Rxa5 40. Bc7 Rc5 41. Rxc5 Bxc5 42. Kg3 Kg7 43. e5 Kf8 44. Kf4 Ke7 45. Kf5 Kd7 46. Ba5 Be7 47. c4 Kc6 48. e6 fxe6+ 49. Kxe6 Bd6 50. Bd2 h4 51. Be1 Bg3 52. Bb4 Bc7 53. Be7 Bg3 54. Bb4 Bf2 55. Kf5 Bc5 56. Ba5 Bb6 57. Be1 Bd8 58. Ke4 a5 59. Kd3 a4 60. Bf2 Bf6 61. Kc2 Kd6 1/2-1/2

[Event "POL-ch U26 (Women) rapid"]
[Site "Hucisko"]
[Date "2016.01.15"]
[Round "1"]
[White "Ostalska, Natalia"]
[Black "Leks, Maria"]
[Result "0-1"]
[WhiteElo "1596"]
[BlackElo "2126"]
[PlyCount "82"]
[EventDate "2016.01.15"]
[EventType "swiss (rapid)"]
[EventRounds "9"]
[EventCountry "POL"]
[SourceTitle "CBM 170 Extra"]
[Source "ChessBase"]
[SourceDate "2016.02.25"]
[SourceVersion "1"]
[SourceVersionDate "2016.02.25"]
[SourceQuality "1"]

1. e4 d6 2. d4 Nf6 3. Bd3 e5 4. c3 Nbd7 5. Bg5 Be7 6. Nd2 0-0 7. Ngf3 c6 8. 0-0 b5 9. a4 bxa4 10. Qxa4 Bb7 11. Nc4 Qc7 12. b4 Nb6 13. Qa5 exd4 14. cxd4 d5 15. exd5 Nfxd5 16. Bxe7 Qxe7 17. Qc5 Qf6 18. Nce5 Rfd8 19. Ra2 Nf4 20. Be4 Ne6 21. Qc3 Nd5 22. Qc4 Qf4 23. Re1 a6 24. Nxc6 Bxc6 25. Qxc6 Rac8 26. Qa4 Nc3 27. Qxa6 Nxe4 28. Qd3 Nf6 29. g3 Qd6 30. b5 Nxd4 31. Ng5 Ne6 32. Qe3 Nxg5 33. Qxg5 Qd5 34. Qxd5 Rxd5 35. b6 Rb5 36. Ra6 Rb8 37. Rd1 h6 38. Rd6 Ne4 39. Rc6 Rb2 40. f3 Nf6 41. h4 Nd5 0-1

[Event "POL-chT"]
[Site "Poland"]
[Date "2015.10.04"]
[Round "9.1"]
[White "Worek, Joanna"]
[Black "Leks, Maria"]
[Result "1-0"]
[WhiteElo "2287"]
[BlackElo "2096"]
[PlyCount "87"]
[EventDate "2015.05.08"]
[EventType "team-tourn"]
[EventRounds "9"]
[EventCountry "POL"]
[SourceTitle "EXT 2017"]
[Source "ChessBase"]
[SourceDate "2016.10.25"]
[SourceVersion "1"]
[SourceVersionDate "2016.10.25"]
[SourceQuality "1"]
[WhiteTeam "Chrobry Gniezno "]
[BlackTeam "Krakow Wisla"]
[WhiteTeamCountry "POL"]
[BlackTeamCountry "POL"]

1. e4 c6 2. d4 d5 3. Nc3 dxe4 4. Nxe4 Nf6 5. Nxf6+ exf6 6. Nf3 Bd6 7. Be2 0-0 8. 0-0 Qc7 9. c4 Bf5 10. c5 Bf4 11. Bxf4 Qxf4 12. Qb3 Qc7 13. Nd2 b6 14. Qc3 bxc5 15. Qxc5 Qf4 16. Nb3 Be4 17. Qe7 Bd5 18. Rfe1 c5 19. Qxc5 Qg5 20. Bf3 Bxf3 21. Qxg5 fxg5 22. gxf3 Nc6 23. Red1 a5 24. Rac1 Nb4 25. a3 Nd5 26. Rc5 Rfd8 27. Nxa5 Nf4 28. Nc6 Rd6 29. d5 Re8 30. Ne7+ Kf8 31. Nf5 Rf6 32. d6 Ne6 33. Re5 g6 34. Ne3 Rxf3 35. b4 Rf4 36. Nd5 Rd4 37. Rxd4 Nxd4 38. Re7 Rxe7 39. dxe7+ Ke8 40. a4 Nc6 41. a5 Nd4 42. a6 Nb5 43. Nc3 Nc7 44. a7 1-0